000 00611nam a22002417a 4500
003 OSt
005 20140310182906.0
008 130128t xxu||||| |||| 00| 0 eng d
020 _a9712329577
050 _aPN 6014
_b.D877 2001
082 _aFIL 809.895
_bD88 2001
245 _aThe literatures of Asia & Africa
_cDuka, Carolina R.
260 _aManila
_bRex Book Store
_cc2001
300 _a241 p.
_c 23 cm.
521 _acollege students
526 _c1210L-1700L
541 _j1
541 _j2
541 _j3
541 _j4
562 _e4
942 _2lcc
_cBK
_kFIL
999 _c17159
_d17159